Normal view
MARC view
- Fazal Jalil
Entry Personal Name
001 - CONTROL NUMBER
- control field: 3224
003 - CONTROL NUMBER IDENTIFIER
- control field: NUST
005 - DATE AND TIME OF LATEST TRANSACTION
- control field: 20170711125932.0
008 - FIXED-LENGTH DATA ELEMENTS
- fixed length control field: 170711|| aca||aabn | a|a d
040 ## - CATALOGING SOURCE
- Original cataloging agency: NUST
- Transcribing agency: NUST
100 ## - HEADING--PERSONAL NAME
- Personal name: Fazal Jalil
670 ## - SOURCE DATA FOUND
- Source citation: Work cat.: (NUST): Fazal Jalil, TH-PHD-Identification of susceptibility genes involved in rheumatoid arthritis and systemic lupus erythematosus, 2013.
